Linux unleashed
Saved in:
| Main Authors: | , |
|---|---|
| Format: | Bog |
| Sprog: | engelsk |
| Udgivet: |
Indianápolis
Sams
1996
|
| Udgivelse: | 2a. ed |
| Fag: | |
| Tags: |
Tilføj Tag
Ingen Tags, Vær først til at tagge denne postø!
|
MARC
| LEADER | 00000nam a2200000 a 4500 | ||
|---|---|---|---|
| 001 | UCT9871 | ||
| 003 | CL-VaPUC | ||
| 008 | 970412e19960000US |||||||||||||||||eng|d | ||
| 082 | 0 | 4 | |a 005.43 |b HUS |2 21 |
| 100 | 0 | |a Husain, Kamran |e author |9 382940 | |
| 700 | 0 | |a Parker, Timothy |e author |9 382941 | |
| 245 | 1 | 0 | |a Linux unleashed |
| 250 | |a 2a. ed | ||
| 300 | |a 1176 p | ||
| 942 | |c BK | ||
| 945 | |d 19970412 00:00:00 |a rleighto | ||
| 260 | |a Indianápolis |b Sams |c 1996 | ||
| 650 | 7 | |a LINUX |2 CL-VaPUC |9 382942 | |
| 650 | 0 | |a Sistemas operativos |9 260288 | |
| 650 | 0 | |a Programas de computadores |9 260046 | |
| 650 | 0 | |a Software |9 387312 | |
| 583 | |a last modification |c 19970412 00:00:00 |k Rodrigo Vera | ||
| 999 | |c 258220 |d 258218 | ||